Ciekawostki Wrocław - Statystyki

Ogólne statystyki
  • Ten quiz został rozwiązany 92 razy
  • Średni wynik to 6 z 8
Statystyki odpowiedzi
Zagadnienie Odpowiedź % Poprawnych
Niemiecka nazwa miasta. Breslau
100%
najwyższy budynek we Wrocławiu Sky Tower
100%
Najbardziej utytułowana drużyna piłkarska. Śląsk Wrocław
100%
Ile jest dzielnic we Wroclawiu 5
76%
Zawód występujący w kraju jedynie we Wrocławiu Latarnik
76%
Ile jest mostów we Wrocławiu 111
57%
Kto był/jest honorowym obywatelem miasta Wrocław. Adolf Hitler
48%
Ile jest krasnali we Wrocławiu. Ponad 600
38%
Nie znaleziono quizów pasujących do podanych kryteriów
Rozkład punktacji
Procent ludzi z każdym wynikiem
Percentyl według liczby udzielonych odpowiedzi
Twoja historia wyników
Nie rozwiązałeś tego quizu